[Event "AUT-ch U16/18 Girls"]
[Site "St Veit"]
[Date "2023.04.06"]
[Round "7"]
[White "Huber, Elisa"]
[Black "Gaisberger, Nina"]
[Result "1-0"]
[WhiteElo "1208"]
[BlackElo "1535"]
[PlyCount "107"]
[EventDate "2023.04.02"]
[EventType "swiss"]
[EventRounds "7"]
[EventCountry "AUT"]
[SourceTitle "EXT 2024"]
[Source "ChessBase"]
[SourceDate "2023.10.10"]
[SourceVersion "1"]
[SourceVersionDate "2023.10.10"]
[SourceQuality "1"]

1. d4 d5 2. Bf4 c5 3. c3 Nc6 4. e3 Nf6 5. Nd2 Qb6 6. Qb3 c4 7. Qc2 g6 8. e4 Nxe4 9. Nxe4 dxe4 10. Bxc4 Bf5 11. Be3 Qc7 12. Ne2 Bg7 13. Bd5 Nb4 14. Qa4+ Nc6 15. Ng3 Bd7 16. Qc4 f5 17. Bf7+ Kd8 18. Ne2 Na5 19. Qd5 Nc4 20. Qxc4 Rc8 21. Qxc7+ Rxc7 22. Bb3 b5 23. 0-0 h6 24. Nf4 g5 25. Ng6 Re8 26. Bf7 f4 27. Bxe8 Bxe8 28. Nxf4 gxf4 29. Bxf4 Rc6 30. f3 Bg6 31. fxe4 Bxe4 32. Rae1 Bd5 33. a3 Rg6 34. g3 h5 35. Be5 h4 36. Bxg7 Rxg7 37. Re3 e6 38. Rf4 hxg3 39. Rxg3 Re7 40. Rg5 Kc7 41. Rfg4 Kb6 42. Rg7 Re8 43. Rg8 Rxg8 44. Rxg8 Ka5 45. Rf8 Ka4 46. Rf2 Kb3 47. h4 a5 48. h5 b4 49. axb4 axb4 50. cxb4 Kxb4 51. h6 Be4 52. Re2 Bf5 53. Rxe6 Bxe6 54. h7 1-0

[Event "AUT-ch U16/18 Girls"]
[Site "St Veit"]
[Date "2023.04.04"]
[Round "4"]
[White "Gaisberger, Nina"]
[Black "Wielander, Magdalena"]
[Result "1-0"]
[WhiteElo "1535"]
[BlackElo "1171"]
[PlyCount "55"]
[EventDate "2023.04.02"]
[EventType "swiss"]
[EventRounds "7"]
[EventCountry "AUT"]
[SourceTitle "EXT 2024"]
[Source "ChessBase"]
[SourceDate "2023.10.10"]
[SourceVersion "1"]
[SourceVersionDate "2023.10.10"]
[SourceQuality "1"]

1. e4 e5 2. Nf3 Nc6 3. d4 exd4 4. Nxd4 Bc5 5. Nxc6 Qf6 6. f3 dxc6 7. Nc3 Be6 8. Bd3 0-0-0 9. Qe2 Ne7 10. Be3 Bxe3 11. Qxe3 g5 12. 0-0-0 Ng6 13. g3 h6 14. Qxa7 Ne5 15. Qa8+ Kd7 16. Be2+ Ke8 17. Rxd8+ Qxd8 18. Qxb7 Qc8 19. Qxc8+ Bxc8 20. a4 Be6 21. f4 gxf4 22. gxf4 Nd7 23. f5 Ke7 24. fxe6 fxe6 25. Rg1 Kf6 26. Bf3 Ne5 27. Bh5 Rd8 28. b3 1-0

[Event "AUT-ch U16/18 Girls"]
[Site "St Veit"]
[Date "2023.04.04"]
[Round "5"]
[White "Vu Tran, Tue Anh"]
[Black "Gaisberger, Nina"]
[Result "1-0"]
[WhiteElo "1612"]
[BlackElo "1535"]
[PlyCount "97"]
[EventDate "2023.04.02"]
[EventType "swiss"]
[EventRounds "7"]
[EventCountry "AUT"]
[SourceTitle "EXT 2024"]
[Source "ChessBase"]
[SourceDate "2023.10.10"]
[SourceVersion "1"]
[SourceVersionDate "2023.10.10"]
[SourceQuality "1"]

1. d4 d5 2. c4 c6 3. Nf3 Nf6 4. Nc3 e6 5. g3 Nbd7 6. Bg2 Bd6 7. cxd5 exd5 8. 0-0 0-0 9. Re1 Re8 10. Bg5 h6 11. Bxf6 Nxf6 12. Qc2 Re7 13. a3 Qb6 14. e3 Bg4 15. Rac1 a5 16. Nd2 Rc8 17. Na4 Qa7 18. h3 Bh5 19. Bxd5 Bg6 20. Qxg6 Nxd5 21. Qd3 Rec7 22. e4 Nb6 23. Nxb6 Qxb6 24. Nc4 Qa6 25. Qc3 Be7 26. Qxa5 Qxa5 27. Nxa5 Bf6 28. e5 Be7 29. Nc4 Rd8 30. Red1 Rcd7 31. Na5 Rxd4 32. Rxd4 Rxd4 33. Nxb7 Rd2 34. b4 Rd3 35. Ra1 Rd5 36. Re1 c5 37. Nxc5 Bxc5 38. bxc5 Rxc5 39. Kf1 Kf8 40. Re3 Ke7 41. f4 Ke6 42. Ke2 g5 43. Kf3 f5 44. Rd3 gxf4 45. gxf4 Rc4 46. Rd6+ Ke7 47. Rxh6 Rc3+ 48. Kg2 Rxa3 49. Rf6 1-0

[Event "AUT-ch U16/18 Girls"]
[Site "St Veit"]
[Date "2023.04.02"]
[Round "1"]
[White "Wurm, Emily"]
[Black "Gaisberger, Nina"]
[Result "0-1"]
[WhiteElo "1122"]
[BlackElo "1535"]
[PlyCount "92"]
[EventDate "2023.04.02"]
[EventType "swiss"]
[EventRounds "7"]
[EventCountry "AUT"]
[SourceTitle "EXT 2024"]
[Source "ChessBase"]
[SourceDate "2023.10.10"]
[SourceVersion "1"]
[SourceVersionDate "2023.10.10"]
[SourceQuality "1"]

1. e4 d5 2. exd5 Nf6 3. Bb5+ Bd7 4. Bc4 Bg4 5. f3 Bf5 6. Nc3 Nbd7 7. d4 Nb6 8. Bb3 Nfxd5 9. Nxd5 Nxd5 10. c4 Nb4 11. g4 Nd3+ 12. Ke2 Bg6 13. Ba4+ c6 14. Qb3 Qxd4 15. Nh3 Nc5 16. Qd1 Qxc4+ 17. Kf2 Qxa4 18. b3 Qa5 19. Be3 Rd8 20. Qe2 e6 21. Nf4 Nd3+ 22. Nxd3 Bxd3 23. Qd1 Bc5 24. Qc1 Bxe3+ 25. Qxe3 0-0 26. Kg3 Rd5 27. h4 Rfd8 28. h5 Re5 29. Qf4 Qc3 30. Rac1 Qd4 31. Qd2 Re2 32. Qa5 Qe5+ 33. Qxe5 Rxe5 34. Rcd1 Red5 35. f4 Be4 36. Rxd5 Rxd5 37. Re1 Bd3 38. g5 f6 39. gxf6 gxf6 40. Rxe6 Kf7 41. Re3 Bb1 42. Kg4 Bxa2 43. b4 Rd4 44. Ra3 Be6+ 45. Kg3 Rxb4 46. Rxa7 c5 0-1

[Event "AUT-ch U14 Girls"]
[Site "St Veit"]
[Date "2021.10.28"]
[Round "6.2"]
[White "Gaisberger, Nina"]
[Black "Vu Tran, Tue Anh"]
[Result "0-1"]
[WhiteElo "917"]
[BlackElo "1440"]
[PlyCount "72"]
[EventDate "2021.10.25"]
[EventType "swiss"]
[EventRounds "7"]
[EventCountry "AUT"]
[SourceTitle "EXT 2023"]
[Source "ChessBase"]
[SourceDate "2022.10.05"]
[SourceVersion "1"]
[SourceVersionDate "2022.10.05"]
[SourceQuality "1"]

1. e4 c6 2. d4 d5 3. exd5 cxd5 4. c4 Nf6 5. Nc3 e6 6. Nf3 g6 7. cxd5 exd5 8. Bg5 Bg7 9. Qe2+ Be6 10. Qb5+ Qd7 11. Ne5 Qxb5 12. Bxb5+ Nbd7 13. Bxf6 Bxf6 14. Nxd7 Bxd7 15. Bxd7+ Kxd7 16. Nxd5 Rhe8+ 17. Kd2 Bxd4 18. Rab1 Kd6 19. Ne3 Rac8 20. Kd3 Bg7 21. Nc4+ Kc7 22. Rhe1 Red8+ 23. Kc2 Kb8 24. b3 b5 25. Re7 bxc4 26. bxc4+ Ka8 27. Rbb7 Rxc4+ 28. Kb3 Rc3+ 29. Ka4 Bd4 30. Rxf7 Bb6 31. Kb4 Rdc8 32. Rxb6 axb6 33. Rf4 Rc1 34. Ka4 R8c7 35. Ka3 Rb1 36. Ra4+ Kb7 0-1

[Event "AUT-ch U14 Girls"]
[Site "St Veit"]
[Date "2021.10.26"]
[Round "3.5"]
[White "Handrich, Carmina"]
[Black "Gaisberger, Nina"]
[Result "0-1"]
[WhiteElo "879"]
[BlackElo "917"]
[PlyCount "66"]
[EventDate "2021.10.25"]
[EventType "swiss"]
[EventRounds "7"]
[EventCountry "AUT"]
[SourceTitle "EXT 2023"]
[Source "ChessBase"]
[SourceDate "2022.10.05"]
[SourceVersion "1"]
[SourceVersionDate "2022.10.05"]
[SourceQuality "1"]

1. e4 d5 2. exd5 Nf6 3. Nc3 c6 4. dxc6 Nxc6 5. Bc4 e5 6. d3 Bc5 7. Nf3 Bg4 8. Bg5 Be7 9. 0-0 0-0 10. h3 Bh5 11. Re1 h6 12. Bh4 Nd7 13. Bxe7 Qxe7 14. Nd5 Qd6 15. c3 Rfe8 16. g4 Bg6 17. d4 e4 18. Nd2 Rac8 19. Re3 Na5 20. Qe2 Nxc4 21. Nxc4 Qxd5 22. Nd2 f5 23. f4 exf3 24. Rxe8+ Rxe8 25. Qxf3 Qxf3 26. Nxf3 fxg4 27. hxg4 Re2 28. Nh4 Bh7 29. b4 Re4 30. Kf2 Rxg4 31. Nf3 Rf4 32. Ke3 Re4+ 33. Kd3 Re1+ 0-1

[Event "AUT-ch U14 Girls"]
[Site "St Veit"]
[Date "2021.10.25"]
[Round "1.4"]
[White "Doersieb, Bianca"]
[Black "Gaisberger, Nina"]
[Result "1-0"]
[WhiteElo "1079"]
[BlackElo "917"]
[PlyCount "115"]
[EventDate "2021.10.25"]
[EventType "swiss"]
[EventRounds "7"]
[EventCountry "AUT"]
[SourceTitle "EXT 2023"]
[Source "ChessBase"]
[SourceDate "2022.10.05"]
[SourceVersion "1"]
[SourceVersionDate "2022.10.05"]
[SourceQuality "1"]

1. e4 d5 2. exd5 Nf6 3. Nc3 c6 4. dxc6 Nxc6 5. Bc4 e5 6. d3 Bc5 7. Bg5 0-0 8. Ne4 Be7 9. h3 Bf5 10. Qf3 Nd4 11. Qd1 Nxe4 12. Bxe7 Qxe7 13. dxe4 Bxe4 14. Bd3 Bxg2 15. Rh2 Bc6 16. c3 Qg5 17. Qg4 Ne6 18. f3 Qe3+ 19. Be2 Nf4 20. Kf1 Rad8 21. Re1 Rd2 22. b4 a6 23. a3 Rfd8 24. c4 Nxe2 25. Rhxe2 Qf4 26. Qxf4 exf4 27. Rxd2 Rxd2 28. Re5 h6 29. b5 axb5 30. cxb5 Bd5 31. b6 Bc4+ 32. Ke1 Rg2 33. Ne2 f6 34. Re4 Bd3 35. Nxf4 Bxe4 36. Nxg2 Bxf3 37. Nh4 Bc6 38. Nf5 Kf8 39. Nd4 Bd5 40. a4 g5 41. Kf2 Kg7 42. Nf5+ Kf7 43. Nxh6+ Kg6 44. Ng4 Be6 45. Kg3 Bxg4 46. hxg4 f5 47. gxf5+ Kxf5 48. a5 Ke6 49. a6 bxa6 50. b7 a5 51. b8Q a4 52. Qb4 Kf6 53. Qxa4 Kg6 54. Kg4 Kh6 55. Qc6+ Kh7 56. Kxg5 Kh8 57. Kg6 Kg8 58. Qc8# 1-0